000 00292 a2200121 4500
001 76699
082 _a928.914391 IQR
090 _c39218
_d39218
100 _aIqrar Hussain Sheikh
245 _aIqbal aur Iqbal Shanasi
_hUrdu
260 _aIslamabad
_bThe Books
_c2004
300 _a210p
942 _aCAE NUST
_k928.914391 IQR
999 _c311772
_d311772